| Поле | Инд. | ПП | Название | Значение |
|---|---|---|---|---|
| Тип записи | a | |||
| Библиографический уровень | b | |||
| 001 | Контрольный номер | RU/IS/BASE/294243310 | ||
| 005 | Дата корректировки | 20200601191456.0 | ||
| 008 | Кодируемые данные | 20090428 | ||
| 040 | b | Код языка каталог. | rus | |
| e | Правила каталог. | PSBO | ||
| 041 | 0_ | a | Код языка текста | rus |
| 084 | a | Индекс другой классификации/Индекс ББК | 81.411.2-2-03 | |
| 100 | 1_ | a | Автор | Шевелева М. Н. |
| 245 | 10 | a | Заглавие | О судьбе древнерусских конструкций с независимыми формами глагола быти в русском языке |
| 504 | a | Библиография | Библиогр. - Примеч.: с. 54 - 57 | |
| 520 | 0_ | a | Аннотация | В статье рассматриваются древнерусские конструкции с разными временными формами глагола быти, представленные в памятниках, и их судьба по данным русского литературного языка и диалектов |
| 650 | 14 | a | Основная рубрика | грамматика |
| a | Основная рубрика | русский язык | ||
| a | Основная рубрика | филологические науки | ||
| a | Основная рубрика | частное языкознание | ||
| a | Основная рубрика | языкознание | ||
| a | Основная рубрика | история языка | ||
| 653 | 1_ | a | Ключевые слова | бытийные глаголы |
| a | Ключевые слова | вспомогательные глаголы | ||
| a | Ключевые слова | древнерусский язык | ||
| a | Ключевые слова | русский литературный язык | ||
| a | Ключевые слова | северные диалекты | ||
| a | Ключевые слова | синтаксис | ||
| 773 | 08 | t | Заглавие источника | Вестник Московского университета. Серия 9, Филология |
| d | Дата издания источника | 2008 | ||
| g | Прочая информация | № 6. - С. 34 - 57 | ||
| w | Контрольный № источника | RU/IS/BASE/293109115 | ||
| 901 | t | Тип документа | b |